000 00430nam a2200181Ia 4500
001 13362
005 20260306164755.0
008 260306t2015||||xx |||||||||||||| ||spa||
041 _aESP
082 _a001.42
_bZ68
100 _aZermeño Méndez, Salvador
_eAUT
245 0 _aEl ABC de investigar
260 _c2015
300 _axiv, 106 páginas :
_c24 cm.
650 _aGEN
654 _aCHU
942 _cLIB
_dJUS
_fJUS
_2ddc
_n
999 _c13362
_d13362